000 00771nam a2200241 a 4500
001 19954
003 CO-ViMGA
008 141112s2004 ck r 000 u spa d
020 _a9580462135
040 _aCO-ViMGA
_bspa
_cCO-ViMGA
082 0 4 _a395 M225e
100 1 _aMcCloskey Colon, Margot
_928970
245 1 0 _aEtiqueta para profesionales :
_bGuía practica de urbanidad para desenvolverse con exito en el ambiente empresarial y social
260 _aBogotá :
_bNorma,
_c2001
300 _a217 p.
590 _aForma de adquisición : Premio Mincultura
650 1 4 _aCONDUCTA - ética
_9149
650 1 4 _aETIQUETA
_92641
650 1 4 _aPROTOCOLO
_928971
650 1 4 _aRELACIONES INTERPERSONALES
_928420
650 1 4 _aRELACIONES PUBLICAS
_928972
942 _2ddc
_cBK
999 _c29074
_d29074